|
|
|
|
| LEADER |
00807pam a22002658a 4500 |
| 001 |
00025449 |
| 005 |
20171026081022.0 |
| 008 |
110805s1992 ||||||engsd |
| 041 |
0 |
# |
|a eng
|
| 082 |
1 |
4 |
|a 891.73
|b A100H
|
| 100 |
1 |
# |
|a Lermontov, Mikhail
|d 1814-1841
|
| 245 |
1 |
2 |
|a A hero of our time
|c Mikhail Lermontov ; translated from the Russian by Vladimir and Dmitri Nabokov
|
| 260 |
# |
# |
|a London
|b David Campbell publishers
|c 1992
|
| 300 |
# |
# |
|a xxix, 186 p.
|c 21 cm.
|
| 490 |
# |
# |
|a Everymen's library
|
| 650 |
# |
4 |
|a Nga
|
| 650 |
# |
4 |
|a Tiểu thuyết
|
| 650 |
# |
4 |
|a Văn học trung đại
|
| 852 |
# |
# |
|b Kho đọc
|j KD.0008528
|
| 852 |
# |
# |
|j KD.0008528
|
| 910 |
|
|
|d 05/08/2011
|
| 980 |
# |
# |
|a Trung tâm Học liệu Lê Vũ Hùng, Trường Đại học Đồng Tháp
|